000 01153nam0a22003251 4500
001 RU\NLR\BIBL_A\016329765
005 20250625043518.0
035 _a(NLR Aleph) 016329765
090 _a13056909
_c13056909
100 _a20230330d1932 |||y0rusy50 ca
101 0 _ager
102 _aRU
105 _ay z |||a|
181 0 _ai
_baxxe
182 0 _an
200 1 _aMussolini ohne Maske
_eder erste rote Reporter bereist Italien
_fAlfred Kurella
203 _aТекст
_bвизуальный
_cнепосредственный
210 _aMoskau
_cVerlagsgenossenschaft ausländ, arbeiter in der UdSSR
_d1932
215 _a277 c.
316 _aЭкз. РНБ (196/7): Из Отделения "Библиотека всемирной литературы"
_5NLR: 196/7
700 1 _aKurella
_bA.
_f1895-
_gAlfred
801 0 _aRU
_bNLR
801 1 _aRU
_bNLR
_2rusmarc
830 _aЭкз. "Всемирной лит." описан по карточке каталога Отделения "Б-ка всемирной лит."
852 _aNLR
_j196/7
942 _cBOOK
980 _aNB
980 _aWL